| 000 | 02103cam a22004457a 4500 | ||
|---|---|---|---|
| 003 | CHAP | ||
| 005 | 20220817043854.0 | ||
| 008 | 021129d2001 mx bd rs o00110 spa d | ||
| 010 | _a86709 | ||
| 011 | _a87681 | ||
| 020 | _a9701333500 | ||
| 035 | _a98225 | ||
| 040 | _cCHAP | ||
| 082 | 0 | 4 |
_a338.972 _bI59 2000 Gro. |
| 110 | 2 |
_aInstituto Nacional de Estadística, Geografía e Informática. México _959304 |
|
| 245 | 1 | 0 |
_aCuaderno estadístico municipal 2000 : _bGuerrero _c/por Instituto Nacional de Estadística, Geografía e Informática |
| 260 |
_aAguascalientes, Ags. : _bInstituto Nacional de Estadística, Geografía e Informática, _c2001- |
||
| 300 |
_av. : _bgráfs. ; mapas ; cuadros |
||
| 500 | _aLa biblioteca tiene : v.1 Acapulco de Juárez -- v.2 Apaxtla -- v.3 Chilapa de Alvarez -- v.4 Iguala de la Independencia -- v.5 San Marcos -- v.6 Tlapa de Comonfort | ||
| 590 |
_aBATCH-UPD _b10 _c20130110 _lUCH01 _h0015 |
||
| 590 |
_aBATCH-UPD _b10 _c20130110 _lUCH01 _h1505 |
||
| 590 |
_aBATCH-UPD _b10 _c20130410 _lUCH01 _h0924 |
||
| 590 |
_aBATCH-UPD _b10 _c20130914 _lUCH01 _h1503 |
||
| 590 |
_aCONVERSION _b10 _c20130109 _lUCH01 _h1348 |
||
| 650 | 1 | 4 |
_aAgricultura _xEstadisticas _zGuerrero. _91453 |
| 650 | 1 | 4 |
_aGanadería _xEstadísticas _zGuerrero. _944712 |
| 650 | 1 | 4 |
_aGuerrero _xCondiciones económicas. |
| 650 | 1 | 4 |
_aGuerrero _xCondiciones sociales. _951181 |
| 650 | 1 | 4 |
_aGuerrero _xEstadísticas. _951184 |
| 650 | 1 | 4 |
_aMéxico _xMunicipios. _976781 |
| 901 | _aBK | ||
| 905 | _aMarco A. Mendoza T. | ||
| 942 | _cLIBRO | ||
| 949 |
_a338.972 I59 2000 Gro. _bBC _cINEGI _d33724000886446 _eINEGI _fv.1 _h103452 _i98225 _sb |
||
| 949 |
_a338.972 I59 2000 Gro. _bBC _cINEGI _d33724000886453 _eINEGI _fv.2 _h103453 _i98225 _sb |
||
| 949 |
_a338.972 I59 2000 Gro. _bBC _cINEGI _d33724000886461 _eINEGI _fv.3 _h103454 _i98225 _sb |
||
| 949 |
_a338.972 I59 2000 Gro. _bBC _cINEGI _d33724000886479 _eINEGI _fv.4 _h103455 _i98225 _sb |
||
| 949 |
_a338.972 I59 2000 Gro. _bBC _cINEGI _d33724000886487 _eINEGI _fv.5 _h103456 _i98225 _sb |
||
| 949 |
_a338.972 I59 2000 Gro. _bBC _cINEGI _d33724000886495 _eINEGI _fv.6 _h103457 _i98225 _sb |
||
| 999 |
_c86709 _d86709 |
||